000 00860nam a2200253Ia 4500
003 OSt
005 20220927105340.0
006 a|||||r|||| 00| 0
007 ta
008 220926b |||||||| |||| 00| 0 eng d
024 _a192517
037 _cReference Collections
040 _aRTL
_cRTL
_beng
041 _2eng
_aeng
082 _a"X:741.2, Q1/TH"
100 _aSAHU Jagadish Prasad
_9371869
245 0 _aInflation dynamics in India
_b A hybrid new Keynesian Phillips curve approach
260 _aDelhi
_bUniversity of Delhi
_c2011
300 _a46p
_ccm.
490 _a"Dissertation, University of Delhi, Economics (Deptt. of-. University of Delhi, Economics (Deptt. of-), Dissertation"
500 _aBibliography: P 36-39
942 _h"X:741.2, Q1/TH"
_cCC
999 _c692031
_d692031